LIBRARY & INFORMATION CENTRE, KCAET, TAVANUR

ONLINE PUBLIC ACCESS CATALOGUE (OPAC)

Zeropoint / | സീറോപോയിന്റ് (Record no. 19479)

MARC details
000 -LEADER
fixed length control field 00404nam a22001577a 4500
003 - CONTROL NUMBER IDENTIFIER
control field OSt
008 - FIXED-LENGTH DATA ELEMENTS--GENERAL INFORMATION
fixed length control field 250827b |||||||| |||| 00| 0 eng d
041 ## - LANGUAGE CODE
Language code of text/sound track or separate title eng
082 ## - DEWEY DECIMAL CLASSIFICATION NUMBER
Classification number 915.4
Item number SAR/ZE
100 ## - MAIN ENTRY--AUTHOR NAME
Personal name Sarojam
245 ## - TITLE STATEMENT
Title Zeropoint /
Remainder of title സീറോപോയിന്റ്
260 ## - PUBLICATION, DISTRIBUTION, ETC. (IMPRINT)
Place of publication Thiruvananthapuram :
Name of publisher Mythri Books,
Year of publication 2015.
300 ## - PHYSICAL DESCRIPTION
Number of Pages 146 p.
650 ## - SUBJECT ADDED ENTRY--TOPICAL TERM
Topical Term Travelogue
942 ## - ADDED ENTRY ELEMENTS (KOHA)
Koha item type Books
Holdings
Withdrawn status Lost status Damaged status Home library Current library Date acquired Source of acquisition Cost, normal purchase price Full call number Accession Number Koha item type
      KAUAET KAUAET 27/08/2025 Donated by KT Jaleel MLA 130.00 915.4 SAR/ZE 26320 Books
free website counter